Fables
Gespeichert in:
| 1. Verfasser: | |
|---|---|
| Format: | Buch |
| Sprache: | Französisch Latein |
| Veröffentlicht: |
París
Les Belles Lettres
1924
|
| Schriftenreihe: | Collection des Universités de France
|
| Schlagworte: | |
| Tags: |
Tag hinzufügen
Keine Tags, Fügen Sie den ersten Tag hinzu!
|
MARC
| LEADER | 00000nam a2200000 a 4500 | ||
|---|---|---|---|
| 001 | UCO5808 | ||
| 003 | CL-VaPUC | ||
| 008 | 000915e19240000FR |||||||||||||||||fre|d | ||
| 041 | 0 | 7 | |a fre |2 CL-VaPUC |
| 041 | 0 | 7 | |a lat |2 CL-VaPUC |
| 082 | 0 | 4 | |a 873 |b FED |2 21 |
| 100 | 0 | |a Fedro |e author |9 450609 | |
| 245 | 1 | 0 | |a Fables |
| 300 | |a 113 p | ||
| 942 | |c BK | ||
| 945 | |d 20000915 00:00:00 |a crobeson | ||
| 260 | |a París |b Les Belles Lettres |c 1924 | ||
| 650 | 7 | |a FABULAS LATINAS |2 CL-VaPUC |9 450610 | |
| 650 | 0 | |a Literatura latina |9 258055 | |
| 583 | |a last modification |c 20000915 00:00:00 |k Rodrigo Vera | ||
| 490 | 0 | |a Collection des Universités de France | |
| 999 | |c 291638 |d 291636 | ||
| 952 | |0 0 |1 0 |4 0 |6 873_000000000000000_FED_1924 |7 0 |8 X |9 341661 |a BIBART |b BIBART |d 2019-11-20 |i 1223232 |o 873 FED 1924 |p 1223232 |r 2025-03-13 |w 2019-11-20 |y BK_X |k ART | ||